|
|
|
|
| LEADER |
00834pam a22002418a 4500 |
| 001 |
00016642 |
| 005 |
20171026081022.0 |
| 008 |
110411s2004 ||||||Viesd |
| 041 |
0 |
# |
|a Vie
|
| 082 |
1 |
# |
|a 335.43
|b C000M
|
| 245 |
0 |
0 |
|a C.Mác và Ph.Ăng - ghen toàn tập
|n T.46_Phần 1
|
| 260 |
# |
# |
|a H.
|b Chính trị Quốc gia
|c 2004
|
| 300 |
# |
# |
|a 922 tr.
|c 22 cm.
|
| 653 |
# |
# |
|a C. Mác
|a Ph.Ăng-ghen
|a Kinh tế
|
| 653 |
# |
# |
|a Giá trị thặng dư
|
| 653 |
# |
# |
|a sản xuất
|a lưu thông
|a sản xuất
|
| 653 |
# |
# |
|a hàng hóa
|a kinh tế chính trị
|a Tư bàn
|
| 852 |
# |
# |
|j KD.0001957
|j KM.0001169
|
| 852 |
# |
# |
|b Kho đọc
|j KD.0001957
|
| 852 |
# |
# |
|b Kho mượn
|j KM.0001169
|
| 910 |
|
|
|d 11/04/2011
|
| 980 |
# |
# |
|a Trung tâm Học liệu Lê Vũ Hùng, Trường Đại học Đồng Tháp
|